LEADER 02285oam 2200625M 450 001 9910715520003321 005 20191121064218.8 035 $a(CKB)5470000002512858 035 $a(OCoLC)1065564821 035 $a(OCoLC)995470000002512858 035 $a(EXLCZ)995470000002512858 100 $a20070221d1837 ua 0 101 0 $aeng 135 $aurcn||||||||| 181 $ctxt$2rdacontent 182 $cc$2rdamedia 183 $acr$2rdacarrier 200 10$aIn Senate of the United States. September 18, 1837. The following bill, introduced by Mr. Benton, on leave, the 10th June, 1836, was ordered to be printed. A Bill To Re-establish the Currency of the Constitution for the Federal Government .. 210 1$a[Washington, D.C.] :$c[publisher not identified],$d1837. 215 $a1 online resource (1 page) 225 1 $aSenate document / 25th Congress, 1st session. Senate ;$vno. 14 225 1 $a[United States congressional serial set ] ;$v[serial no. 309] 300 $aTitle from opening lines of text. 300 $aBatch processed record: Metadata reviewed, not verified. Some fields updated by batch processes. 300 $aFDLP item number not assigned. 606 $aBank deposits 606 $aBank notes 606 $aPublic depositaries 606 $aPaper money 606 $aBanks and banking 606 $aFinance, Public 606 $aSpecies 606 $aMoney 606 $aPayment 608 $aLegislative materials.$2lcgft 615 0$aBank deposits. 615 0$aBank notes. 615 0$aPublic depositaries. 615 0$aPaper money. 615 0$aBanks and banking. 615 0$aFinance, Public. 615 0$aSpecies. 615 0$aMoney. 615 0$aPayment. 701 $aBenton$b Thomas Hart$f1782-1858$pDemocrat (MO)$01387125 801 0$bWYU 801 1$bWYU 801 2$bOCLCO 801 2$bOCLCQ 801 2$bOCLCO 801 2$bOCLCQ 906 $aBOOK 912 $a9910715520003321 996 $aIn Senate of the United States. September 18, 1837. The following bill, introduced by Mr. Benton, on leave, the 10th June, 1836, was ordered to be printed. A Bill To Re-establish the Currency of the Constitution for the Federal Government .$93530691 997 $aUNINA LEADER 01034nam0-2200301 --450 001 9910858400103321 005 20240606132451.0 010 $a978-88-8450-533-0 100 $a20240606d2013----kmuy0itay5050 ba 101 2 $aita$alat 102 $aIT 105 $a 001yy 200 1 $a<>Passione di Felice martire, vescovo di Nola (BHL 2869)$fedizione critica e traduzione a cura di Rosa Manfredonia e Edoardo D'Angelo 210 $aFirenze$cSISMEL Edizioni del Galluzzo$d2013 215 $a96 p.$d25 cm 225 1 $aEdizione nazionale dei testi mediolatini d'Italia. Serie 2$v13 225 1 $aEdizione nazionale dei testi mediolatini d'Italia$v32 676 $a272.092 676 $a870.9003 702 1$aD'Angelo,$bEdoardo 702 1$aManfredonia,$bRosa 801 0$aIT$bUNINA$gREICAT$2UNIMARC 901 $aBK 912 $a9910858400103321 952 $aP2B 660 SISMEL TESTI 32$b2024/9993$fFLFBC 959 $aFLFBC 996 $aPassione di Felice martire, vescovo di Nola (BHL 2869)$91725011 997 $aUNINA